000 00360nam a2200133Ia 4500
008 210210b1962 xxu||||| |||| 00| 0 eng d
082 _a307.72K KRAN
100 _aKRASHNAMURTI (Ji En).
245 _aNamma halligalu hinde hege, mundenu.
260 _aMysore.
_bMysore Vishwavidyanilaya.,
_c1962
300 _a59
690 _aRural Sociology
906 _a030283
999 _c81462
_d81462